000 00429nam a2200181Ia 4500
001 23329
005 20260414150930.0
008 260414t2014||||xx |||||||||||||| ||spa||
041 _aESP
082 _a629.8
_bK414
100 _aKajita, Shuuji,
_eAUT
245 0 _aIntroduction to humanoid robotics
_b
260 _c2014
300 _a222 páginas :
_c23 cm.
650 _aTCA
654 _aCIM
942 _cLIB
_dJUS
_fJUS
_2ddc
_n
999 _c23329
_d23329